| 000 | 003520000a22001090004500 | ||
|---|---|---|---|
| 090 |
_aAR _b04480 |
||
| 245 | 1 | 0 | _aSmall amphibian fauna from a previously unexplored paramo of the cordillera occidental in western Colombia |
| 041 | 0 | _aInglés | |
| 100 | 1 |
_aLynch, John D. _992907 |
|
| 942 | _cARTICULO | ||
| 773 | 1 |
_tJournal of Herpetology _h2 _q226-231 _d2001 _g35 |
|
| 999 |
_c13579 _d13579 |
||